100 Biggest Cities of Australia on a Map - Statistics

General Stats
  • This quiz has been taken 45 times
  • The average score is 35 of 100
Answers on the Map
Answers color-coded by a green-red scale on the quiz's map according to % correct below.
 
Answer Stats
Population City % Correct
2,363,562 Perth
98%
5,143,256 Sydney
98%
2,693,649 Brisbane
95%
5,245,182 Melbourne
95%
1,449,366 Adelaide
93%
510,641 Canberra/Queanbeyan)
93%
138,567 Darwin
88%
233,592 Hobart
83%
29,693 Alice Springs
80%
750,997 Gold Coast/Tweed Heads)
80%
534,033 Newcastle
71%
417,982 Sunshine Coast/Caloundra/Buderim/Noosa)
71%
163,214 Cairns/Northern Beaches)
68%
189,356 Townsville/Thuringowa)
63%
318,258 Wollongong
63%
308,915 Geelong
61%
152,087 Toowoomba
54%
106,022 Bendigo
49%
30,719 Kalgoorlie/Boulder)
49%
119,284 Ballarat
46%
351,237 Central Coast/Gosford)
46%
37,571 Albany
44%
93,194 Launceston
44%
16,238 Broome
41%
82,876 Rockhampton
41%
57,963 Wagga Wagga
41%
101,370 Albury/Wodonga)
39%
41,540 Geraldton
39%
89,193 Mackay
39%
18,356 Mount Isa
39%
42,977 Orange
37%
52,661 Port Macquarie
37%
82,626 Bunbury
34%
78,626 Bundaberg
34%
76,479 Coffs Harbour/Sawtell)
34%
32,932 Devonport
34%
30,663 Mount Gambier
34%
14,114 Port Augusta
34%
38,642 Bathurst
32%
12,515 Esperance
32%
54,510 Mildura/Buronga)
32%
17,007 Port Hedland
32%
55,212 Shepparton/Mooroopna
32%
45,878 Tamworth
32%
24,386 Armidale
29%
17,541 Broken Hill
29%
11,224 Byron Bay
29%
42,112 Dubbo
29%
25,304 Goulburn
29%
62,184 Hervey Bay
29%
27,983 Lismore
29%
40,056 Nowra/Bomaderry)
29%
17,044 Port Lincoln
29%
47,844 Ballina
27%
28,684 Burnie
27%
44,881 Busselton
27%
15,182 Emerald
27%
48,021 Gladstone
27%
14,181 Port Pirie
27%
17,722 Batemans Bay
24%
42,278 Bowral/Mittagong)
24%
15,386 Sale
24%
17,435 Ulladulla
24%
36,496 Warrnambool
24%
21,764 Whyalla
24%
16,232 Kempsey
22%
19,710 Murray Bridge
22%
26,812 Taree
22%
30,324 Victor Harbor
22%
19,720 Grafton
20%
20,690 Griffith
20%
19,051 Karratha
20%
12,235 Lithgow
20%
22,449 Moe/Newborough)
20%
28,834 Nelson Bay/Corlette)
20%
20,069 Wangaratta
20%
12,660 Colac
17%
23,147 Echuca/Moama)
17%
16,956 Horsham
17%
28,598 Maryborough
17%
44,013 Traralgon
17%
22,120 Yeppoon
17%
21,198 Forster/Tuncurry)
15%
23,626 Gisborne
15%
24,017 Gympie
15%
12,796 Mudgee
15%
11,178 Portland
15%
46,710 Warragul
15%
16,156 Warwick
15%
16,280 Airlie Beach/Cannonvale)
12%
15,790 Bairnsdale
12%
12,611 Muswellbrook
12%
26,576 Bacchus Marsh
10%
11,538 Castlemaine
10%
19,482 Camden Haven
7%
16,615 Medowie
7%
30,459 Morisset/Cooranbong)
7%
17,447 Singleton
7%
20,356 St Georges Basin/Sanctuary Point)
7%
15,409 Ulverstone
7%
No matching quizzes found
Score Distribution
Percent of People with Each Score
Percentile by Number Answered
Your Score History
You have not taken this quiz